[Event "Niederrhein-ch"]
[Site "Solingen"]
[Date "2016.03.22"]
[Round "4"]
[White "Boschek, Hans Joachim"]
[Black "Link, Robert1"]
[Result "1/2-1/2"]
[WhiteElo "1810"]
[BlackElo "1878"]
[PlyCount "88"]
[EventDate "2016.03.19"]
[EventType "swiss"]
[EventRounds "7"]
[EventCountry "GER"]
[SourceTitle "EXT 2018"]
[Source "ChessBase"]
[SourceDate "2017.10.13"]
[SourceVersion "1"]
[SourceVersionDate "2017.10.13"]
[SourceQuality "1"]

1. c4 g6 2. Nc3 c5 3. g3 Bg7 4. Bg2 Nc6 5. a3 e6 6. e4 Nge7 7. Nge2 0-0 8. 0-0 d6 9. Rb1 a5 10. b3 b6 11. Bb2 Rb8 12. d3 Nd4 13. Nxd4 Bxd4 14. Ne2 Bxb2 15. Rxb2 e5 16. Nc3 Nc6 17. f4 f6 18. Rbf2 exf4 19. gxf4 Nd4 20. f5 g5 21. h4 g4 22. Qxg4+ Kh8 23. Nd5 Bd7 24. Qf4 Bc6 25. Ne3 Qe7 26. Ng4 Rg8 27. Kh1 Rg7 28. Bh3 h5 29. Qh6+ Rh7 30. Qxf6+ Qxf6 31. Nxf6 Rh6 32. Nd5 Bxd5 33. cxd5 Kg7 34. Rg2+ Kf6 35. Rg5 Rbh8 36. b4 cxb4 37. axb4 a4 38. b5 a3 39. Ra1 Ra8 40. Rg2 Nb3 41. Raa2 Nc1 42. Ra1 Nb3 43. Raa2 Nc1 44. Ra1 Nb3 1/2-1/2

[Event "Solingen Karneval op"]
[Site "Solingen"]
[Date "2016.02.06"]
[Round "3"]
[White "Boschek, Hans Joachim"]
[Black "Quast, Marcel"]
[Result "0-1"]
[WhiteElo "1896"]
[BlackElo "2216"]
[PlyCount "64"]
[EventDate "2016.02.05"]
[EventType "swiss"]
[EventRounds "5"]
[EventCountry "GER"]
[SourceTitle "EXT 2018"]
[Source "ChessBase"]
[SourceDate "2017.10.13"]
[SourceVersion "1"]
[SourceVersionDate "2017.10.13"]
[SourceQuality "1"]

1. d4 Nf6 2. Nf3 e6 3. g3 b6 4. Bg2 Bb7 5. 0-0 Be7 6. c4 0-0 7. Nc3 Ne4 8. Nxe4 Bxe4 9. Ne1 Bxg2 10. Nxg2 d5 11. cxd5 Qxd5 12. Bf4 c5 13. dxc5 Qxc5 14. Qa4 Qc6 15. Qb3 Na6 16. Rac1 Qb7 17. Rfd1 Bf6 18. Bd6 Rfc8 19. Ne3 Rxc1 20. Rxc1 Rd8 21. Qa3 Bxb2 22. Qxb2 Rxd6 23. Qe5 Rd8 24. Rc4 Rc8 25. f3 Rxc4 26. Nxc4 Qc7 27. Qe4 h6 28. Kg2 Nc5 29. Qh4 b5 30. Ne3 a5 31. g4 b4 32. g5 Qe5 0-1

[Event "Rhein Main op-A 18th"]
[Site "Bad Homburg"]
[Date "2015.06.06"]
[Round "5"]
[White "Krastev, Alexander"]
[Black "Boschek, Hans Joachim"]
[Result "0-1"]
[WhiteElo "1881"]
[BlackElo "1915"]
[PlyCount "66"]
[EventDate "2015.06.03"]
[EventType "swiss"]
[EventRounds "7"]
[EventCountry "GER"]
[SourceTitle "CBM 167 Extra"]
[Source "ChessBase"]
[SourceDate "2015.09.14"]
[SourceVersion "1"]
[SourceVersionDate "2015.09.14"]
[SourceQuality "1"]

1. e4 c5 2. Nc3 e6 3. f4 d5 4. Nf3 dxe4 5. Nxe4 Nc6 6. g3 Be7 7. Bg2 Nf6 8. d3 Nxe4 9. dxe4 Qxd1+ 10. Kxd1 0-0 11. c3 Rb8 12. Be3 b6 13. Ke2 Na5 14. b3 Bb7 15. Ne5 Rfd8 16. Rad1 f6 17. Ng4 Ba6+ 18. Kf3 Kf7 19. Nf2 g6 20. Rxd8 Rxd8 21. Rd1 Rxd1 22. Nxd1 Bd3 23. c4 a6 24. Bc1 b5 25. cxb5 axb5 26. Ke3 c4 27. Bd2 Bc5+ 28. Kf3 Nc6 29. Nb2 Nd4+ 30. Kg4 Be2+ 31. Kh3 cxb3 32. axb3 Ba3 33. Bc3 Nxb3 0-1

[Event "Solingen-ch"]
[Site "Solingen"]
[Date "2014.11.07"]
[Round "5"]
[White "Mueller, Ernst1"]
[Black "Boschek, Hans Joachim"]
[Result "1-0"]
[WhiteElo "1728"]
[BlackElo "1901"]
[PlyCount "83"]
[EventDate "2014.09.12"]
[EventType "swiss"]
[EventRounds "7"]
[EventCountry "GER"]
[SourceTitle "EXT 2016"]
[Source "ChessBase"]
[SourceDate "2015.10.08"]
[SourceVersion "1"]
[SourceVersionDate "2015.10.08"]
[SourceQuality "1"]

1. e4 c5 2. Nf3 e6 3. d4 cxd4 4. Nxd4 a6 5. c3 Qc7 6. Bd3 Nf6 7. Be3 d5 8. Nd2 Bd6 9. h3 Nc6 10. Rc1 0-0 11. 0-0 e5 12. N4b3 dxe4 13. Nxe4 Nxe4 14. Bxe4 Be6 15. Bb1 Qe7 16. Qc2 f5 17. f4 e4 18. Qf2 Rad8 19. Rfd1 Qf7 20. Bc2 Kh8 21. Rd2 Be7 22. Rcd1 Rxd2 23. Rxd2 Rd8 24. Kh2 h6 25. Rxd8+ Bxd8 26. Qd2 Bc7 27. g3 Kh7 28. Bd1 Bc4 29. Bc2 b6 30. Qf2 b5 31. Nc5 Bxa2 32. Nxe4 Na5 33. Nc5 Bd5 34. Nxa6 Bd6 35. b4 Nc4 36. Bd4 Bb7 37. Nc5 Bxc5 38. Bxc5 Qd5 39. g4 g6 40. gxf5 gxf5 41. Bd4 Nd2 42. Qxd2 1-0

[Event "Rhein Main op-A 17th"]
[Site "Bad Homburg"]
[Date "2014.06.21"]
[Round "5"]
[White "Boschek, Hans Joachim"]
[Black "Gude, Michael"]
[Result "1-0"]
[WhiteElo "1908"]
[BlackElo "1773"]
[PlyCount "43"]
[EventDate "2014.06.18"]
[EventType "swiss"]
[EventRounds "7"]
[EventCountry "GER"]
[SourceTitle "CBM 161 Extra"]
[Source "ChessBase"]
[SourceDate "2014.08.29"]
[SourceVersion "1"]
[SourceVersionDate "2014.08.29"]
[SourceQuality "1"]

1. c4 e5 2. g3 Nc6 3. Bg2 Nf6 4. Nc3 Bb4 5. Nd5 Nxd5 6. cxd5 Nd4 7. e3 Nf5 8. Qg4 Bxd2+ 9. Bxd2 Qf6 10. Ne2 0-0 11. 0-0 d6 12. Qc4 Bd7 13. Bc3 Rfc8 14. e4 a6 15. exf5 Qxf5 16. Rae1 Qg5 17. f4 b5 18. Qe4 f5 19. fxg5 fxe4 20. Bxe4 a5 21. Bf5 Bxf5 22. Rxf5 1-0

[Event "Solingen-ch"]
[Site "Solingen"]
[Date "2013.12.13"]
[Round "7"]
[White "Sherif, Amina"]
[Black "Boschek, Hans Joachim"]
[Result "1-0"]
[WhiteElo "1685"]
[BlackElo "1921"]
[PlyCount "51"]
[EventDate "2013.09.13"]
[EventType "swiss"]
[EventRounds "7"]
[EventCountry "GER"]
[SourceTitle "EXT 2015"]
[Source "ChessBase"]
[SourceDate "2014.11.20"]
[SourceVersion "1"]
[SourceVersionDate "2014.11.20"]
[SourceQuality "1"]

1. e4 c5 2. Nc3 Nc6 3. g3 g6 4. Bg2 Bg7 5. d3 d6 6. Nge2 e6 7. Be3 Nd4 8. Qd2 Rb8 9. Nd1 Nxe2 10. Qxe2 Ne7 11. 0-0 0-0 12. Qd2 e5 13. c3 Qa5 14. Bh6 Be6 15. Bxg7 Kxg7 16. f4 f5 17. fxe5 dxe5 18. exf5 Nxf5 19. Qe2 Rbe8 20. Qxe5+ Kg8 21. d4 Bc4 22. Bd5+ Bxd5 23. Qxd5+ Kh8 24. Qxc5 Qxc5 25. dxc5 Re2 26. g4 1-0

[Event "Solingen-ch"]
[Site "Solingen"]
[Date "2013.09.13"]
[Round "1"]
[White "Boschek, Hans Joachim"]
[Black "Sherif, Malik"]
[Result "1-0"]
[WhiteElo "1921"]
[BlackElo "1454"]
[PlyCount "71"]
[EventDate "2013.09.13"]
[EventType "swiss"]
[EventRounds "7"]
[EventCountry "GER"]
[SourceTitle "EXT 2015"]
[Source "ChessBase"]
[SourceDate "2014.11.20"]
[SourceVersion "1"]
[SourceVersionDate "2014.11.20"]
[SourceQuality "1"]

1. c4 c5 2. g3 Nc6 3. Bg2 g6 4. Nc3 Bg7 5. e3 d6 6. Nge2 Be6 7. d3 Nf6 8. Nd5 Bxd5 9. cxd5 Ne5 10. 0-0 0-0 11. f4 Ned7 12. e4 b5 13. Kh1 Rc8 14. Be3 a6 15. Qd2 Re8 16. Rad1 b4 17. d4 Ng4 18. Bg1 Nb6 19. b3 a5 20. h3 Nf6 21. dxc5 dxc5 22. Qe3 a4 23. Rd2 Qc7 24. Rc1 Nfd7 25. e5 c4 26. e6 Nc5 27. exf7+ Kxf7 28. Nd4 Bxd4 29. Qxd4 axb3 30. Rxc4 bxa2 31. Rxa2 Nxc4 32. Qxc4 Nd7 33. Qxb4 Rb8 34. Qd4 Rb7 35. d6 Qc8 36. Qd5+ 1-0

[Event "Rhein Main op-A 16th"]
[Site "Bad Homburg"]
[Date "2013.06.02"]
[Round "7"]
[White "Boschek, Hans Joachim"]
[Black "Biegel, Thomas"]
[Result "1/2-1/2"]
[WhiteElo "1928"]
[BlackElo "2090"]
[PlyCount "108"]
[EventDate "2013.05.29"]
[EventType "swiss"]
[EventRounds "7"]
[EventCountry "GER"]
[SourceTitle "EXT 2014"]
[Source "ChessBase"]
[SourceDate "2013.11.20"]
[SourceVersion "1"]
[SourceVersionDate "2013.11.20"]
[SourceQuality "1"]

1. c4 c6 2. g3 d5 3. Bg2 Nf6 4. Nf3 Bf5 5. cxd5 cxd5 6. Qb3 Qb6 7. Nc3 Qxb3 8. axb3 Bd7 9. 0-0 e6 10. d3 Be7 11. Ne5 Nc6 12. Nxd7 Kxd7 13. e4 d4 14. Ne2 e5 15. f4 Rhd8 16. fxe5 Nxe5 17. Rf5 Nxd3 18. e5 Nxc1 19. Nxc1 g6 20. Rf1 Ng4 21. Bxb7 Rab8 22. Rxa7 Nxe5 23. Nd3 f6 24. Nxe5+ fxe5 25. Ba6+ Kd6 26. Rf7 Rd7 27. Rxd7+ Kxd7 28. Bc4 Rf8 29. Rxh7 e4 30. Rf7 Rxf7 31. Bxf7 g5 32. Bg6 e3 33. Kf1 Ke6 34. Ke2 Kf6 35. Bd3 Ke5 36. Kf3 Bb4 37. Kg4 Kf6 38. h4 gxh4 39. gxh4 Be1 40. h5 Bd2 41. h6 Bb4 42. Kf4 Bd2 43. Ke4 Kg6 44. Kxd4+ Kxh6 45. Kc5 Kg7 46. b4 Kf6 47. b5 Ke7 48. Kc6 Kd8 49. Kb7 e2 50. Bxe2 Be3 51. Bg4 Bd4 52. b3 Be3 53. b6 Bd4 54. Ka6 Be3 1/2-1/2

[Event "Rhein Main op-A 16th"]
[Site "Bad Homburg"]
[Date "2013.05.29"]
[Round "1"]
[White "Boschek, Hans Joachim"]
[Black "Haase, Reinhard"]
[Result "0-1"]
[WhiteElo "1928"]
[BlackElo "2152"]
[PlyCount "92"]
[EventDate "2013.05.29"]
[EventType "swiss"]
[EventRounds "7"]
[EventCountry "GER"]
[SourceTitle "EXT 2014"]
[Source "ChessBase"]
[SourceDate "2013.11.20"]
[SourceVersion "1"]
[SourceVersionDate "2013.11.20"]
[SourceQuality "1"]

1. c4 e6 2. g3 d5 3. Bg2 c6 4. d4 f5 5. Nf3 Nf6 6. 0-0 Bd6 7. b3 Qe7 8. a4 0-0 9. Ba3 Bxa3 10. Nxa3 a5 11. Nc2 Bd7 12. Nce1 c5 13. cxd5 Nxd5 14. Rc1 cxd4 15. Nxd4 Nc6 16. Nef3 Ndb4 17. Nb5 e5 18. Qd6 Qxd6 19. Nxd6 Rab8 20. Rfd1 Be6 21. Nc4 Rfd8 22. Rxd8+ Rxd8 23. Nfxe5 Nxe5 24. Nxe5 Bxb3 25. Bxb7 Bxa4 26. Bc8 Rd1+ 27. Rxd1 Bxd1 28. Nc4 a4 29. Nb2 Bb3 30. Nxa4 Bxa4 31. Bxf5 h6 32. h4 Kf7 33. Bg4 Bc6 34. Bf5 Kf6 35. Bb1 Ke5 36. Bg6 Kd4 37. g4 Ke5 38. Bf7 Bd7 39. f3 Kf4 40. Kf2 Nc2 41. Bg6 Ne3 42. Bd3 Ba4 43. h5 Nd1+ 44. Kg2 Ke3 45. Kf1 Nc3 46. Ke1 Bd1 0-1